000 nam a22 7a 4500
999 _c331838
_d331838
003 NUST
005 20171030115743.0
008 171030b xxu||||| |||| 00| 0 eng d
040 _c0
082 _a628 DES
245 _aDesign Criteria for Waterworks Facilities 1978
260 _aJapan
_bWater Work Association
_c1978
300 _a604p.
500 _aH.B
942 _2ddc
_cBK
_kIESE